| 000 | 00920nam0a22002531 4500 | ||
|---|---|---|---|
| 001 | rc\4232306 | ||
| 005 | 20260412041607.0 | ||
| 021 |
_aRU _b[58-6024] |
||
| 035 | _a(NLR Aleph) 008464693 | ||
| 090 |
_a7891488 _c7891488 |
||
| 100 | _a20130416d1957 |||y0rusy50 ca | ||
| 101 | 0 | _arus | |
| 102 | _aRU | ||
| 105 | _ay z ||||| | ||
| 200 | 1 |
_aТезисы докладов _fКаз. гос. мед. ин-т. XXVI итоговая науч. конференция |
|
| 210 |
_aАлма-Ата _cБ. и. _d1957 |
||
| 215 |
_a179 с. _d22 |
||
| 606 |
_aМедицина _jТезисы докладов _2psbo |
||
| 710 | 0 | 2 |
_aАлма-Атинский медицинский институт им. С. Д. Асфендиярова _bНаучная конференция _d26 _f1957 _3RU\NLR\AUTH\8810070961 _9643819 |
| 801 | 0 |
_aRU _bNLR _gpsbo |
|
| 801 | 1 |
_aRU _bELAR _2rusmarc |
|
| 852 |
_aNLR _j58-5/776 |
||
| 942 | _cBOOK | ||
| 980 | _aNB | ||